000 01180nam1a2200289 i 4500
001 RU\NLR\bibl\350052
005 20260406160458.0
010 _a5-17-013316-2
035 _a(NLR Aleph) 000344798
090 _a239015
_c239015
100 _a20021219d2002 u y0rusy50 ca
101 1 _arus
_cspa
102 _aRU
105 _a||||z |||||
200 1 _aХитроумный идальго Дон Кихот Ламанчский
_e[Роман
_eВ 2 ч.]
_fМигель де Сервантес Сааведра
_g[Перевод с исп. Н. М. Любимова
_gВступ. ст. и примеч. В. Е. Багно]
210 _aМ.
_cАСТ
_cПушкин. б-ка
_d2002
215 _d22
225 1 _aЗолотой фонд мировой классики
_fРедкол.: Аверинцев С.С. и др.
463 0 _1001343241
463 0 _1001343242
686 _aШ6(4Ис)437-4{Лх1563-45}
700 1 _4070
_7ca
_8rus
_aСервантес Сааведра
_bМ. де
_f1547-1616
_gМигель де
_9118169
_3RU\NLR\auth\778257
801 0 _aRU
_bNLR
_c20021219
_gPSBO
801 1 _aRU
_bNLR
_c20021219
852 _aNLR
_j2002-5/7043
942 _cBOOK